000 00878nam a2200265Ia 4500
003 OSt
005 20220926012247.0
006 a|||||r|||| 00| 0
007 ta
008 220923b |||||||| |||| 00| 0 eng d
037 _cGeneral Book
040 _aRTL
_cRTL
_beng
041 _2eng
_aeng
082 _aB393M, N0.1
100 _aCorwin Lawrence J
_9315940
245 0 _aRepresentations of nilpotent lie groups and their applications
260 _aNew York
_bCambridge University Press
_c1990
300 _a370p
_ccm.
490 _vV1: Basic theory and example (269p)
_aCambridge Studies in Advanced Mathematics, 18
500 _aBibliography chapterwise
650 _aSpecial Functions
700 _a Greenleaf Frederick P
_9315941
942 _hB393M, N0.1
_cGB
_2CC
999 _c622266
_d622266